000 00862cab a2200253 4500
001 ABS40423
008 090401t1989 xxu||||| |||| 00| 0 eng d
035 _a(Sirsi) u23730
041 _aeng
100 _aHawkins, M.
245 _aNothing is certain but uncertainty
260 _c1989
350 _a0
490 _aChartered Surveyor Weekly
_v26(6) 9 February 1989, 72-73(2)
520 _aSpecial report on risk analysis examines a computer program installed and tested by Cyril Sweett and Partners. Illustrates with an example which estimates the cost of building a new computer centre on an out-of-town site.
650 _aBUILT ENVIRONMENT-BUILDING COSTS
650 _aCOMPUTERS
650 _aESTIMATING
650 _aMONTE CARLO METHOD
690 _aQuantity surveying
_96263
700 _aSolomon, M.
942 _n0
948 _c04/03/1997
999 _c15886
_d15886